I Campamento provincial de Barcelona en Fontmartina / por J. Lázaro Gabarra, Presidente del Club Excursionista de Gracia
Publicado:
San Jorge, núm. 67 - 68 (2n semestre 1967), pàg 82 - 87 :
Otros Autores:
Campamento Provincial de Barcelona (1r : 1967 : Fontmartina)
Materias:
Acampades -- Catalunya
MARC
| LEADER | 00000nam a2200000Ia 4500 | ||
|---|---|---|---|
| 001 | |||
| 008 | 160829s9999 xx 000 0 cat d | ||
| 100 | |a Lázaro i Gabarra, Joan |9 40379 | ||
| 245 | |a I Campamento provincial de Barcelona en Fontmartina / por J. Lázaro Gabarra, Presidente del Club Excursionista de Gracia | ||
| 260 | |a San Jorge, núm. 67 - 68 (2n semestre 1967), pàg 82 - 87 | ||
| 650 | |a Acampades |x Catalunya |9 25775 | ||
| 700 | |a Campamento Provincial de Barcelona (1r : 1967 : Fontmartina) |9 40380 | ||
| 901 | |a Arxiu | ||
| 942 | |n 1 | ||
| 952 | |0 0 |1 0 |4 0 |7 1 |9 49651 |a Arxiu |b Arxiu |d 2016-12-01 |l 0 |r 2016-12-01 00:00:00 |w 2016-12-01 |y ARXIU | ||
| 999 | |c 53493 |d 53493 | ||